00694nam a2200205 a 450000100100000000500170001000800410002702000150006804000250008310000430010824500410015124600410019226000460023330000210027949000320030050000210033250400320035350400730038583000300045800004225120201002040030.0131120s1997 sp ac 001 0 spa d a8408020242 aDO-SdBNPbspacBNPHU1 aTeresa Puga, Maríaq(María Teresa)10aAlfonso XIII /cMaría Teresa Puga.14aLa vida y la época de Alfonso XIII aBarcelona :bPlaneta,c1997.bil., retrs. a258 p. :b21 cm.1 aLos reyes de España ;v17 aIncluye índice aBibliografía : p. 257-259 aIncluye referencias bibliográficas y notas al pie de las páginas 0aLos reyes de Españav17